000 00416nam a2200109Ia 4500
008 171212s9999 xx 000 0 und d
100 _aHunter, Sarah B.;Huang, Christina Y.
245 _cHunter, Sarah B.;Huang, Christina Y.
_aSubstance Use Treatment and Reentry (STAR) Program
_bFinal Evaluation Report
260 _bRAND Corporation
_c2014
650 _aLaw
856 _uhttp://www.jstor.org/stable/10.7249/j.ctt6wq8v6
999 _c352583
_d352583